| 000 | | | 04619nmc2a2200000 x 450 |
| 001 | | | 009707bc-3c27-4c54-b526-cfb47cf2b568 |
| 005 | | | 20170113133220.0 |
| 100 | ## | $a | 20140508l18241837k l0rusy0189 ca |
| 101 | 0# | $a | rus |
| 102 | ## | $a | RU |
| 200 | 1# | $a | Дело об изыскании средств для издания сочинения доктора медицинских наук профессора Л.А. Струве о проказообразной болезни кожи, распостраненной в 1-ой четверти 19 века в Прибалтийских губерниях, о распостранении этого сочинения и о смерти Л.А. Струве |
| | $j | 22 октября 1824 г. - 3 ноября 1837 г. |
| 251 | ## | $c | Дело |
| 300 | ## | $a | Дело |
| 300 | ## | $a | Ориг. заголовок дела: Дело по представлению попечителя Дерптского учебного округа с препровождением плана профессора Струве, для исследования распространившейся в Остзейских губерниях проказообразной болезни и об издании им сочинения о накожных болезнях. 22 октября 1824 г. - 3 ноября 1837 г |
| 801 | #0 | $a | RU |
| | $b | РГИА |
| | $c | 20140508 |
| | $g | RCR |
| 801 | #1 | $a | RU |
| | $b | ГлавНИВЦ |
| | $c | 20140508 |
| | $2 | rusmarc |
| 801 | #2 | $a | RU |
| | $b | ПБ им. Б.Н. Ельцина |
| | $c | 20170113 |
| | $g | RCR |
| | $2 | rusmarc |
| 850 | ## | $a | РГИА |
| 852 | ## | $a | РГИА |
| | $e | Федеральное казенное учреждение "Российский государственный исторический архив" (РГИА) |
| | $j | 364 |
| 937 | ## | $h | РГИА |
| | $d | 11170020 |
| | $a | ASBIBLIO_SCAN |
| 462 | #0 | $1 | 0015faafd89-1df2-4e8f-a0ba-1d8a620713c6 |
| | $1 | 2001 |
| | $a | Дела Департамента народного просвещения по Дерптскому учебному округу за 1802-1836 гг. |
| | $1 | 251 |
| | $c | Опись |
| | $1 | 852 |
| | $j | 56 |
| 461 | #0 | $1 | 001a74412a3-3cc5-4d21-8f0a-dfe2fbd9e72d |
| | $1 | 2001 |
| | $a | Департамент народного просвещения Министерства народного просвещения (1803-1917) |
| | $1 | 251 |
| | $c | Фонд |
| | $1 | 852 |
| | $j | 733 |
| 215 | ## | $a | 194 л. |
| | $d | 36,5х26 см |
| 371 | ## | $a | Документ не является опубликованным и широко распространяемым |
| 105 | ## | $a | y### |
| 122 | 2# | $a | d |
| 517 | 1# | $a | Дело по представлению попечителя Дерптского учебного округа с препровождением плана профессора Струве, для исследования распространившейся в Остзейских губерниях проказообразной болезни и об издании им сочинения о накожных болезнях. 22 октября 1824 г. - 3 ноября 1837 г |
| 035 | ## | $a | 009707bc-3c27-4c54-b526-cfb47cf2b568 |
| 856 | ## | $u | http://readingroom.main.prlib.ru/item.aspx?id_node=n94249075&mode=full |